Study on JVC's sustainable agriculture project in angsnoul district kandal province ការសិក្សាកម្មវិធីកសិកម្មសមស្របរបស់អង្គការJVCនៅស្រុកអង្គស្នួល ខេត្ដកណ្ដាល (Record no. 483)

000 -LEADER
fixed length control field 00648nam a22001577a 4500
003 - CONTROL NUMBER IDENTIFIER
control field OSt
005 - DATE AND TIME OF LATEST TRANSACTION
control field 20150915105941.0
008 - FIXED-LENGTH DATA ELEMENTS--GENERAL INFORMATION
fixed length control field 150915b xxu||||| |||| 00| 0 eng d
040 ## - CATALOGING SOURCE
Transcribing agency RUA
082 ## - DEWEY DECIMAL CLASSIFICATION NUMBER
Classification number AGR SAM 1999 B024 Or.1
100 ## - MAIN ENTRY--PERSONAL NAME
9 (RLIN) 503
Personal name SAM, SAMANG.
245 ## - TITLE STATEMENT
Title Study on JVC's sustainable agriculture project in angsnoul district kandal province ការសិក្សាកម្មវិធីកសិកម្មសមស្របរបស់អង្គការJVCនៅស្រុកអង្គស្នួល ខេត្ដកណ្ដាល
260 ## - PUBLICATION, DISTRIBUTION, ETC. (IMPRINT)
Place of publication, distribution, etc. Phnom Penh
Name of publisher, distributor, etc. RUA
Date of publication, distribution, etc. 1999
300 ## - PHYSICAL DESCRIPTION
Extent 55p.
Other physical details ill.
Dimensions 29cm.
942 ## - ADDED ENTRY ELEMENTS (KOHA)
Source of classification or shelving scheme
Koha item type AGR
Holdings
Price effective from Date last seen Permanent Location Not for loan Date acquired Source of classification or shelving scheme Koha item type Barcode Lost status Damaged status Shelving location Withdrawn status Current Location Full call number
2015-09-152015-09-15Library Block B 2015-09-15 AGRRUA005005  B024 Library Block BAGR SAM 1999 B024 Or.1
2015-09-152015-09-15Library Block B 2015-09-15 AGRRUA004119  B024 Library Block BAGR SAM 1999 B024 Or.2
2015-09-152015-09-15Library Block B 2015-09-15 AGRRUA005300  B024 Library Block BAGR SAM 1999 B024 Or.3
2015-09-152015-09-15Library Block B 2015-09-15 AGRRUA005012  B024 Library Block BAGR SAM 1999 B024 Or.4
2015-09-152015-09-15Library Block B 2015-09-15 AGRRUA004259  B024 Library Block BAGR SAM 1999 B024 Or.5
2015-09-152015-09-15Library Block B 2015-09-15 AGRRUA005292  B024 Library Block BAGR SAM 1999 B024 Or.6
2015-09-152015-09-15Library Block B 2015-09-15 AGRRUA005291  B024 Library Block BAGR SAM 1999 B024 Or.7
2015-09-152015-09-15Library Block B 2015-09-15 AGRRUA005090  B024 Library Block BAGR SAM 1999 B024 Or.8
2015-09-152015-09-15Library Block B 2015-09-15 AGRRUA005306  B024 Library Block BAGR SAM 1999 B024 Or.9
មជ្ឈមណ្ឌលឯការនៃសាកលវិទ្យាល័យភូមិន្ទកសិកម្មចំការដូង

Powered by Koha